| 000 | 01861nam a2200289Ia 4500 | ||
|---|---|---|---|
| 999 |
_c38489 _d38489 |
||
| 001 | 4502 | ||
| 003 | GE_BSU | ||
| 005 | 20191016164129.0 | ||
| 008 | 181216s2012||||ge |||||||||||||| ||geo|| | ||
| 020 | _a9789941042072 | ||
| 040 | _cGE_BSU | ||
| 041 | _ageo | ||
| 080 | _a72(479.22) ა–84 | ||
| 245 |
_aარქიტექტურის რესტავრაცია საქართველოში : _bისტორიოგრაფია, ტრადიცია, გამოცდილების ანალიზი / _cავტ.: ირინე ელიზბარაშვილი, მანანა სურამელაშვილი, ციცინო ჩაჩხუნაშვილი, ხათუნა ჭურღულია ; მთარგმნ. მანანა თევზაძე ; რედ. დიმიტრი თუმანიშვილი |
||
| 264 |
_a თბ.: _bშპს "სეზანი", _c2012. |
||
| 300 |
_a299 გვ. ; _b27 სმ. |
||
| 504 | _aბიბლიოგრ.: გვ. 297-299. | ||
| 520 | _aრეზ. ინგლ.. | ||
| 653 | _aქართული ეკლესია-მონასტრების რესტავრაცია | ||
| 700 |
_aელიზბარაშვილი, ირინე _eავტორი _94760 |
||
| 700 |
_aსურამელაშვილი, მანანა _eავტორი _94761 |
||
| 700 |
_aჩაჩხუნაშვილი, ციცინო _eავტორი _94762 |
||
| 700 |
_a ჭურღულია, ხათუნა _eავტორი _94763 |
||
| 700 |
_aთევზაძე, მანანა _eმთარგმნელი _94764 |
||
| 700 |
_a თუმანიშვილი, დიმიტრი _eრედაქტორი _94765 |
||
| 942 |
_cBK _2udc |
||